| 000 | | | 06383cbc2a2200265#x 450 |
| 001 | | | ae7fd710-72f6-44dd-9e56-c663c9f3d96a |
| 005 | | | 20250214115823.0 |
| 100 | ## | $a | 20210422l18341840k l0rusy0189 ca |
| 101 | 0# | $a | rus |
| | $a | fre |
| 102 | ## | $a | RU |
| 105 | ## | $a | y### |
| 122 | 2# | $a | d18340430## |
| | $a | d18400320## |
| 200 | 1# | $a | Письма Василия Алексеевича Перовского брату Льву Алексеевичу Перовскому о своей деятельности в качестве Оренбургского генерал-губернатора, о подготовке к походу на Хиву и неудачах, связанных с ним, об отношениях англичан к хивинскому хану, о работах инженера Аносова, о предполагаемом создании компании для эксплуатации земель и их недр в оренбургских степях, о своем сыне Алексее, о денежных расчётах с родственниками и посторонними лицами, о своем портрете работы К. П. Брюллова и по другим личным делам |
| | $j | 30 апреля 1834 г. - 20 марта 1840 г. |
| 215 | ## | $a | 147 листов |
| | $d | 36,5х26 см |
| 251 | ## | $c | Дело |
| 300 | ## | $a | Материалы Василия Алексеевича Перовского. Личные документы и письма В. А. Перовского разным лицам |
| 300 | ## | $a | Подлинники и копии |
| 300 | ## | $a | На французском и русском языках |
| 371 | ## | $a | Документ не является опубликованным и широко распространяемым |
| 461 | #0 | $1 | 001da540890-9609-4519-9c73-89dc935ac779 |
| | $1 | 2001 |
| | $a | Перовские |
| | $1 | 251 |
| | $c | Фонд |
| | $1 | 852 |
| | $j | 1021 |
| 462 | #0 | $1 | 001716c169e-04bf-4bb4-abeb-b6098bfb985e |
| | $1 | 2001 |
| | $a | 1807-1918 гг. |
| | $v | Д. 65 |
| | $1 | 251 |
| | $c | Опись |
| | $1 | 852 |
| | $j | 2 |
| 801 | #0 | $a | RU |
| | $b | РГИА |
| | $c | 20210422 |
| 801 | #1 | $a | RU |
| | $b | ГлавНИВЦ |
| | $c | 20210422 |
| | $2 | rusmarc |
| 801 | #2 | $a | RU |
| | $b | ПБ им. Б.Н. Ельцина |
| | $c | 20211111 |
| | $g | RCR |
| | $2 | rusmarc |
| 850 | ## | $a | Федеральное казенное учреждение "Российский государственный исторический архив" |
| 852 | ## | $a | РГИА |
| | $j | 65 |
| 937 | ## | $h | РГИА |
| | $d | 12323468 |
| | $a | ASBIBLIO_SCAN |
| 035 | ## | $a | RusGRCC00032272 |
| 856 | ## | $u | http://readingroom.main.prlib.ru/item.aspx?id_node=n170346957&mode=full |
| 600 | #1 | $2 | nlr_sh1 |
| | $3 | RU\NLR\AUTH\66542363 |
| | $a | Перовский |
| | $b | В.А. |
| | $f | 1795 - 1857 |
| | $g | Василий Алексеевич |
| | $j | Архивные дела |
| 606 | 1# | $2 | nlr_sh |
| | $3 | RU\NLR\AUTH\661503566 |
| | $a | Хивинский поход |
| | $j | Архивные дела |
| | $z | 1839 - 1840 |
| 602 | ## | $2 | prlib_sh |
| | $3 | LIBNET\UAF\0000099946 |
| | $a | Перовские (дворянский род) |
| | $j | Архивные дела |
| 605 | ## | $2 | acquisition_Prlib |
| | $3 | DITM\AF\0000004166 |
| | $a | Россия в лицах |
| | $l | коллекция |
| 605 | ## | $2 | acquisition_Prlib |
| | $3 | DITM\AF\0000002775 |
| | $a | Власть |
| | $l | коллекция |
| 686 | ## | $2 | rubbk |
| | $a | 63.3(2)52-8ю1 |
| | $v | LBC/M |
| 686 | ## | $2 | rubbk |
| | $a | 63.3(2)52-68ю1 |
| | $v | LBC/M |
| 604 | ## | $1 | 604 |
| | $a | Брюллов |
| | $g | Карл Павлович |
| | $b | К.П. |
| | $f | 1799 - 1852 |
| | $2 | nlr_sh1 |
| | $3 | RU\NLR\AUTH\66157533 |
| | $1 | 700#1 |
| | $a | Портретная живопись |
| | $1 | 501|# |